Top 15 pays où la presse est la moins libre 2025 - Statistiques

Statistiques générales
  • Ce quiz a été pris 66 fois
  • Le résultat moyen est 7 sur 15
Statistiques - réponses
Hint Réponse % Correct
2 Corée du Nord
92%
10 Russie
87%
5 Iran
85%
3 Chine
82%
6 Afghanistan
74%
4 Syrie
63%
15 Biélorussie
42%
12 Birmanie
37%
11 Egypte
34%
7 Turkménistan
18%
1 Erythrée
16%
8 Vietnam
16%
14 Azerbaïdjan
15%
13 Djibouti
5%
9 Nicaragua
5%
Aucun quiz correspondant
Distribution des résultats
% des personnes avec chaque résultat
Percentile par nombre de réponses
Votre historique - résultats
Vous n’avez pas pris ce quiz